The adoption of agroforestry technologies in Choma district (Record no. 83675)
[ view plain ]
| 000 -LEADER | |
|---|---|
| fixed length control field | 00750nam a2200181 a 4500 |
| 008 - FIXED-LENGTH DATA ELEMENTS--GENERAL INFORMATION | |
| fixed length control field | 170201s2012 ||||||||||||||||| || u |
| 050 ## - LIBRARY OF CONGRESS CALL NUMBER | |
| Classification number | CBU-UG THESIS/CHI |
| 100 ## - MAIN ENTRY--PERSONAL NAME | |
| Personal name | Chisanga, Yasa Luo |
| 245 14 - TITLE STATEMENT | |
| Title | The adoption of agroforestry technologies in Choma district |
| Statement of responsibility, etc. | by Yasa Luo Chisanga |
| 260 ## - PUBLICATION, DISTRIBUTION, ETC. | |
| Place of publication, distribution, etc. | Kitwe: |
| Name of publisher, distributor, etc. | Copperbelt University, School of Natural Resources |
| Date of publication, distribution, etc. | 2012 |
| 300 ## - PHYSICAL DESCRIPTION | |
| Extent | vii, 50p.: ill. |
| 500 ## - GENERAL NOTE | |
| General note | Includes References |
| 650 ## - SUBJECT ADDED ENTRY--TOPICAL TERM | |
| Topical term or geographic name entry element | AGROFORESTRY PROJECTS--DEVELOPING COUNTRIES |
| 650 #0 - SUBJECT ADDED ENTRY--TOPICAL TERM | |
| Topical term or geographic name entry element | AGROFORESTRY |
| 650 ## - SUBJECT ADDED ENTRY--TOPICAL TERM | |
| Topical term or geographic name entry element | AGROFORESTRY TECHNOLOGIES--ZAMBIA |
| 650 ## - SUBJECT ADDED ENTRY--TOPICAL TERM | |
| Topical term or geographic name entry element | AGROFORESTRY TECHNOLOGIES |
| 995 ## - | |
| -- | SPECIAL COLLECTIONS |
| -- | 4221 |
| -- | CBU-MAIN LIBRARY (Kitwe) |
| -- | CBU-UG THESIS/CHI |
| -- | 2 |
| -- | AVAILABLE |
| -- | Jul 27, 2020 |
| -- | B4221 |
| -- | University Collection |
| 999 ## - | |
| -- | 83675 |
| -- | 83675 |
| Withdrawn status | Lost status | Source of classification or shelving scheme | Damaged status | Not for loan | Permanent Location | Current Location | Shelving location | Date acquired | Total Checkouts | Full call number | Barcode | Date last seen | Copy number | Price effective from | Koha item type |
|---|---|---|---|---|---|---|---|---|---|---|---|---|---|---|---|
| CBU-MAIN LIBRARY, KITWE. | CBU-MAIN LIBRARY, KITWE. | 01/08/2024 | CBU-UG THESIS/CHI | B4221 | 01/08/2024 | 1 | 01/08/2024 | SPECIAL COLLECTION |